Využitie strojového učenia a umelej inteligencie na odhad procesných veličín

Salvato in:
Dettagli Bibliografici
Autore principale: Hrstka, Samuel (Autore)
Altri autori: Kvasnica, Michal (Relatore della tesi)
Natura: Manoscritto Libro
Lingua:slovacco
Pubblicazione: 2018
Soggetti:
Accesso online:http://is.stuba.sk/zp/portal_zp.pl?podrobnosti=139433
Tags: Aggiungi Tag
Nessun Tag, puoi essere il primo ad aggiungerne!!

MARC

LEADER 00000ntm a22000003a 4500
001 stuzp69856
003 SK-STU
005 20180623211120.4
007 ta
008 150427s2015----xo-----f-mn---000-0-slo-d
040 |a STU  |b slo 
041 0 |a slo 
100 1 |a Hrstka, Samuel  |u 047000  |4 aut  |U FCHPT Fakulta chemickej a potravinárskej technológie  |T FCHPT Ústav informatizácie, automatizácie a matematiky  |X 82054  |U C7000  |Y 105  |7 82054 
242 0 1 |a Estimation of Process Values based on Machine Learning and Artificial Intelligence  |y eng 
245 1 0 |a Využitie strojového učenia a umelej inteligencie na odhad procesných veličín 
260 |c 2018 
650 4 |a analýza frekvenčného spektra  |2 slo 
650 4 |a flexy  |2 slo 
650 4 |a Fourierova transformácia  |2 slo 
650 4 |a Feature extraction  |2 slo 
650 4 |a frequency spectrum analysis  |2 eng 
650 4 |a flexy  |2 eng 
650 4 |a Fourier transformation  |2 eng 
650 4 |a feature extraction  |2 eng 
700 1 |a Kvasnica, Michal  |u 047220  |k Z1  |4 ths  |U FCHPT Ústav informatizácie, automatizácie a matematiky  |T FCHPT Oddelenie informatizácie a riadenia procesov  |X 38267  |U C7220  |Y 121  |7 A000038267 
856 4 |u http://is.stuba.sk/zp/portal_zp.pl?podrobnosti=139433